00727 2200265 4500001002100000005001500021035002500036090002100061245006400082250001100146260003400157300002200191850001300213008004100226040001700267082001200284084001200296500002700308650002000335700003500355041000800390999002100398990002100419990002100440YOGYA00000000009269420250623102819 a0010-081400000092411 aCB-D.11 1975-02000aKitab suci prajanjian lawas / penerjemah, A. Soenarja S. J. acet.1.31aYogyakarta :bKanisius,c1975 a44 hlm. ;c21 cm. aBPAD DIY131207s1975 yoi g 00 jav d aYOPDYOGbind04223a221 a221 PRA aYang diterima Jilid 10 4aPerjanjian lama0 aSoenarja S. J., A.ePenerjemah ajav aCB-D.11/1975-020 aCB-D.11/1975-020 aCB-D.11/1975-020